Die deutschen Torschützen bei der Fußball-Europameisterschaft 1996 - Statistiken

Allgemein
  • Dieses Quiz wurde 40 mal gespielt
  • Das Durchschnittsergebnis liegt bei 8 aus 10
Antwortstatistiken
Spiel Minute Torschütze % Korrekt
Tschechische Republik - Deutschland 1-2 n. V. 73' Oliver Bierhoff
100%
Tschechische Republik - Deutschland 1-2 n. V. 95' Oliver Bierhoff
100%
Russland - Deutschland 0-3 77' Jürgen Klinsmann
91%
Russland - Deutschland 0-3 90' Jürgen Klinsmann
91%
Deutschland - Kroatien 2-1 21' Jürgen Klinsmann
91%
Russland - Deutschland 0-3 56' Matthias Sammer
74%
Deutschland - Kroatien 2-1 59' Matthias Sammer
74%
Deutschland - Tschechische Republik 2-0 32' Andreas Möller
71%
Deutschland - England 1-1 n. V. (6-5 i. E.) 16' Stefan Kuntz
62%
Deutschland - Tschechische Republik 2-0 26' Christian Ziege
59%
Keine übereinstimmenden Quizze gefunden
Verteilung der Resultate
Anzahl Personen mit jedem Resultat
Perzentil nach korrekt beantworteten Fragen
Ihre Resultats-Entwicklung
Sie haben dieses Quiz noch nicht gespielt